South Eastern Kenya University

Library Online Public Access Catalogue


The Norton anthology of English literature / (Record no. 13172)

MARC details
000 -LEADER
fixed length control field 00438cam a2200157 a 4500
020 ## - INTERNATIONAL STANDARD BOOK NUMBER
International Standard Book Number 0393962873 (v. 1)
020 ## - INTERNATIONAL STANDARD BOOK NUMBER
International Standard Book Number 0393962881 (v. 1 : pbk.)
050 00 - LIBRARY OF CONGRESS CALL NUMBER
Classification number PR 1109
Item number .N6 1993
245 04 - TITLE STATEMENT
Title The Norton anthology of English literature /
Statement of responsibility, etc. M.H. Abrams, general editor.
250 ## - EDITION STATEMENT
Edition statement 6th ed.
260 ## - PUBLICATION, DISTRIBUTION, ETC. (IMPRINT)
Place of publication, distribution, etc. New York :
Name of publisher, distributor, etc. Norton,
Date of publication, distribution, etc. c1993-
300 ## - PHYSICAL DESCRIPTION
Extent v. <1 > ;
500 ## - GENERAL NOTE
General note Includes index.
700 1# - ADDED ENTRY--PERSONAL NAME
Personal name Abrams, M. H.
942 ## - ADDED ENTRY ELEMENTS (KOHA)
Source of classification or shelving scheme Library of Congress Classification
Koha item type General circulation
Holdings
Withdrawn status Lost status Source of classification or shelving scheme Damaged status Not for loan Home library Current library Date acquired Total Checkouts Full call number Barcode Date last seen Price effective from Koha item type Public note
    Library of Congress Classification     Main Campus Library Main Campus Library 03/05/2016   PR 1109 .N6 1993 2016/014322 03/05/2016 03/05/2016 General circulation em
Kitui, Kenya.
+254736116989
library@seku.ac.ke